000 00817nam a2200181Ia 4500
008 100921s9999 xx 000 0 und d
082 _b42255
_a920-2 न 00
100 _aचिंचोळकर सुनील.
245 _aश्री समर्थ चरित्र आक्षेप आणि खंडन.
260 _bमोरया प्रकाशन, मुंबई.
_c2000
300 _a80
_b---
365 _b25
520 _aचरित्र व कार्य-सावरकर.
630 _aश्री समर्थ चरित्र आक्षेप आणि खंडन.
650 _aचरित्र व कार्य-सावरकर.
730 _aश्री समर्थ चरित्र आक्षेप आणि खंडन.
942 _cBOOK
999 _c791368
_d791365